000 00422nam a2200157 a 4500
005 20140412111318.0
008 060117s19uu xx 00 eng d
020 _a0-395-45992-3
050 _aM 808.8383
_bB115 1983
100 _aSmith, Dick King
245 _aBabe :
_bThe gallant pig /
_cDick King-Smith.
260 _aU.S.A :
_bHoughton Mifflin,
_c1989.
300 _a112
650 _aPigs
_xFiction
999 _c104292
_d104292